00357nam a22001097a 4500082002900000245004800029260005100077300003700128526003700165526003700202650000800239 a343.013bDEFcL-31, p-59 aFinancial regulationsbMinistary of Defence aMinistary of DefencebArmy and Air Forcec1952 axv, 152 p. :bill, c20 cm.eMCE a0b0c0d343_013000000000000_DEF a0b0c0d343_013000000000000_DEF aMCE